000 01211naa a22003377a 4500
001 BR8106537
003 BR-BrBNA
005 20250716171951.0
007 ta
008 250630b bl.|||m| |||| 00| 0 por d
040 _aBR-BrBNA
_bpor
_cBiblioteca Nacional de Agricultura
041 _a(Pt)
072 _aM10
_b3410
_bG514
090 _aM10 BR8106537
100 1 _aFerreira, M.V.
100 1 _aCamara Neto, C.
100 1 _aOliveira Filho, E.C. de
100 1 _aMorais, S.B. de
100 1 _aVasconcelos, M.D.T. de
245 1 _aProspeccao dos bancos de algas marinhas do estado do Rio Grande do Norte - 1. parte: profundidade de 0 a 10 metros [Brasil]
500 _aProjeto algas. Estado do Rio Grande do Norte Recife, PE (Brasil): 1971. p. 10-23 [9 illus.; 10 ref.; Summaries (En, Pt)] (BR8106537-AMS)
773 0 _tProjeto algas. Estado do Rio Grande do Norte
_wM10 BR8106537
_gRecife, PE (Brasil), 1971. p. 10-23
650 _aALGA
650 _aDISTRIBUICAO GEOGRAFICA
650 _aBIOMASSA
650 _aEXPORTACAO
650 _aRIO GRANDE DO NORTE
490 _aBrasil. SUDENE. Estudos de Pesca (Brazil)
_vno. 9
942 _cAMS
_2AGRIS
909 _a202506
_bLúcia
_c55
_dLúcia Elande
999 _c333888
_d333888